Statistics for Landlocked U.S States

Click here to take the quiz!

General Stats

  • This quiz has been taken 41 times
  • The average score is 26 of 27

Answer Stats

State% Correct
Colorado
100%
Idaho
100%
Kentucky
100%
Nevada
100%
North Dakota
100%
South Dakota
100%
Utah
100%
Indiana
97%
Kansas
97%
Michigan
97%
Montana
97%
Tennessee
97%
Illinois
94%
Minnesota
94%
Ohio
94%
Vermont
94%
West Virginia
94%
Wyoming
94%
Arizona
91%
Arkansas
91%
New Mexico
91%
Oklahoma
91%
Iowa
88%
Missouri
88%
Nebraska
88%
Pennsylvania
88%
Wisconsin
88%

Score Distribution

Percentile by Number Answered

Percent of People with Each Score

Your Score History

You have not taken this quiz